00380nam a2200109Ia 4500008004100000082000800041100002500049245007800074942000600152952009700158999001500255240331s9999 xx 000 0 und d bVAR aThiruchandran, S. ed 0aVarkkam, sathi, pennilai anpadu periyarin sinthanaikal pattiya oru noakku cL 001040708LaWERCLbWERCLcSSCd2024-03-31l0o 305.5 VARp1866r2024-03-31w2024-03-31yL c1969d1969